Estadística del trabajo (Record no. 24776)

MARC details
000 -LEADER
campo de control de longitud fija 00611nam a2200169 i 4500
001 - NÚMERO DE CONTROL
campo de control 24776
003 - IDENTIFICADOR DE NÚMERO DE CONTROL
campo de control ES-MaACL
005 - FECHA Y HORA DE LA ÚLTIMA TRANSACCIÓN
campo de control 20230906153127.0
007 - CAMPO FIJO DE DESCRIPCIÓN FÍSICA--INFORMACIÓN GENERAL
campo de control de longitud fija t|
008 - DATOS DE LONGITUD FIJA--INFORMACIÓN GENERAL
campo de control de longitud fija 021218s1925 sp ||||1| spa d
245 00 - MENCIÓN DEL TÍTULO
Título Estadística del trabajo
Resto del título : anuario de 1923 /
Mención de responsabilidad, etc. Junta Local de Reformas Sociales.
260 ## - PUBLICACIÓN, DISTRIBUCIÓN, ETC.
Lugar de publicación, distribución, etc. Madrid :
Nombre del editor, distribuidor, etc. [Ayuntamiento de Madrid, Junta Local de Reformas Sociales,
Fecha de publicación, distribución, etc. 1925] (
Fabricante Imp. Municipal)
300 ## - DESCRIPCIÓN FÍSICA
Extensión 63 p. ;
Dimensiones 31 cm.
650 #4 - PUNTO DE ACCESO ADICIONAL DE MATERIA--TÉRMINO DE MATERIA
Término de materia o nombre geográfico como elemento de entrada Trabajo-
Subdivisión geográfica Madrid-
Subdivisión de forma Estadísticas.
9 (RLIN) 172099
710 1# - ENTRADA AGREGADA--NOMBRE DE ENTIDAD CORPORATIVA
Nombre de entidad corporativa o nombre de jurisdicción como elemento de entrada Madrid.
Unidad subordinada Ayuntamiento.
-- Junta Local de Reformas Sociales.
9 (RLIN) 5580
852 ## - LOCALIZACIÓN
Ubicación ES-MaACL
Número de control de estantería 1682-F-10
Holdings
Estatus retirado Estado de pérdida Estado de daño No para préstamo Colección Biblioteca de origen Biblioteca actual Ubicación en estantería Fecha de adquisición Fuente de adquisición Total de préstamos Signatura topográfica completa Código de barras Visto por última vez Precio de reemplazo Tipo de ítem Koha
        Colección de folletos Biblioteca del Ateneo de Madrid Biblioteca del Ateneo de Madrid Depósito folletos 17/01/2008     1682-F-10 1025545 23/02/2023 23/02/2023 Folleto